000 00517nam a22001817a 4500
003 OSt
005 20140310182206.0
008 130904t xxu||||| |||| 00| 0 eng d
050 _aTT 57
_b.D981 1996
082 _aHS 745.5
_bD95 1996
100 _aDutton, Victoria
_916496
245 _aTraditional country crafts /
_cVictoria Dutton.
260 _aLondon :
_bTiger Books International,
_cc1996.
300 _a144 p. :
_bcol. ill. ;
_c30 cm.
650 _aHandicraft.
_91363
942 _2lcc
_cHS
999 _c10338
_d10338